Solid state spectroscopies : Basic principles and applications
Materials physics is a very active research field and it is expected to remain so in the foreseeable future. Different spectroscopies are used to investigate the structure and dynamics of crystalline materials. Some traditional spectroscopies are presented in this text: optical, magnetic resonance,...
Gespeichert in:
| 1. Verfasser: | |
|---|---|
| Format: | Buch |
| Sprache: | Undetermined |
| Veröffentlicht: |
Singapore
World Scientific
2002
|
| Schlagworte: | |
| Tags: |
Tag hinzufügen
Keine Tags, Fügen Sie den ersten Tag hinzu!
|
| Thư viện lưu trữ: | Trung tâm Học liệu Trường Đại học Cần Thơ |
|---|
| LEADER | 01496nam a2200229Ia 4500 | ||
|---|---|---|---|
| 001 | CTU_210758 | ||
| 008 | 210402s9999 xx 000 0 und d | ||
| 020 | |c 66.70 | ||
| 082 | |a 535.84 | ||
| 082 | |b G643 | ||
| 100 | |a Gonzalo, Julio A. | ||
| 245 | 0 | |a Solid state spectroscopies : | |
| 245 | 0 | |b Basic principles and applications | |
| 245 | 0 | |c Julio A. Gonzalo, José de Frutos, Jorge García | |
| 260 | |a Singapore | ||
| 260 | |b World Scientific | ||
| 260 | |c 2002 | ||
| 520 | |a Materials physics is a very active research field and it is expected to remain so in the foreseeable future. Different spectroscopies are used to investigate the structure and dynamics of crystalline materials. Some traditional spectroscopies are presented in this text: optical, magnetic resonance, ultrasonic, brillouin, neutron scattering, soft mode and dielectric response spectroscopies. For all of them, the presentation is complemented with some reference material for more modern or sophisticated spectroscopies. This work should be useful as an introductory textbook for a short course on solid state spectroscopies. A number of exercises are worked out throughout the text. Ferro- and piezoelectric materials and their phase transitions are paid special attention. | ||
| 650 | |a Solids,Materials,Spectrum analysis,Chất rắn,Vật liệu,Phân tích Spectrum | ||
| 650 | |x Spectra,Spectra,Spectra,Spectra | ||
| 904 | |i Qhieu | ||
| 980 | |a Trung tâm Học liệu Trường Đại học Cần Thơ | ||